• 首页
  • 本馆介绍
  • 公告通知
  • 最新文献
  • 馆藏检索
  • 电子资源
  • 读者导购
  • 参考咨询
  • 我的图书馆
  • 登录
  • 详细信息显示
  • 放入我的书架
  • 预约/预借图书
  • 作者相关作品
  • 分类相关作品
  • 丛书相关作品
  • 出版社相关作品

书目信息

  • 表格格式
  • 工作单格式
  • 卡片格式
题名:
经籍籑诂
    
 
作者: 阮元 编
分册: 下  
出版信息: 成都   成都古籍书店  1982
页数: 511-1072页
开本: 21cm
丛书名:
单 册:
中图分类: H131.7
科图分类:
主题词: 汉语--语义学 , 汉语--词汇 , 汉语--语义 , 训诂
电子资源:
ISBN:
000 00568nam0 2200217 450
001 0654128750
005 20061102150442.21
010    @dCNY2.20
100    @a20061102d1982 km y0chiy0120 ea
101 0  @achi
200 1  @a经籍籑诂@h下@Ajing ji zhuan gu@f(清)阮元编@F(qing)ruan yuan bian
210    @a成都@c成都古籍书店@d1982
215    @a511-1072页@d21cm
606 0  @a汉语@x语义学
606 0  @a汉语@x词汇
606 0  @a汉语@x语义
606 0  @a训诂
690    @aH131.7@v3
701  0 @a阮元@Aruan yuan@4编
801  0 @aCN@bPFT@c20061102
905    @a10447@dH131.7@e142:2
    
    经籍籑诂.下/(清)阮元编.-成都:成都古籍书店,1982
    511-1072页;21cm
    
    
    ISBN :CNY2.20
    
●
相关链接 在E读中查询图书 在五车中查询图书 在当当中查询图书 在豆瓣中查询图书


正题名:经籍籑诂     索取号:H131.7/142:2         预约/预借

序号 登录号 条形码 馆藏地/架位号 状态 备注
1 0212370   000837198   第二样本阅览室/ [索取号:H131.7/142:2] 在馆    
唐山师范学院图书馆 欢迎您!
大连网信软件有限公司© 版权所有